Statystyki dla Co to za film?

Kliknij tutaj aby rozwiązać quiz!

Ogólne statystyki

  • Ten quiz został rozwiązany 1 079 razy
  • Średni wynik to 11 z 30

Statystyki odpowiedzi

ReżyserAktorzyFilm% Poprawnych
James CameronLeonardo DiCaprio, Kate Winslet, Kathy BatesTitanic
82%
Gore VerbinskiJohnny Deep, Orlando Bloom, Keira KnightleyPiraci z Karaibów
70%
Quentin TarantinoJamie Foxx, Christoph Waltz, Leonardo DiCaprioDjango
58%
Roman PolańskiAdrien Brody, Thomas Kretschmann, Emilia FoxPianista
58%
George LucasMark Hamill, Harrison Ford, Carrie FisherGwiezdne Wojny
55%
Lilly & Lana WachowskiKeanu Reeves, Laurence Fishbourne, Hugo WeavingMatrix
55%
Peter JacksonViggo Mortensen, Elijah Wood, Ian McKellenWładca Pierścieni
55%
Christopher NolanLeonardo DiCaprio, Ellen Page, Tom HardyIncepcja
51%
Chris ColombusMacaulay Culkin, Joe Pesci, Daniel SternKevin Sam w Domu
48%
Luc BessonJean Reno, Natalie Portman, Gary OldmanLeon Zawodowiec
48%
Ridley ScottRussell Crowe, Joaquin Phoenix, Djimon HounsouGladiator
47%
Jonathan DemmeAnthony Hopkins, Jodie Foster, Ted LevineMilczenie Owiec
46%
Robert ZemeckisTom Hanks, Sally Field, Robin WrightForrest Gump
42%
David FincherBrad Pitt, Edward Norton, Helena Bonham CarterPodziemny Krąg
40%
Martin ScorseseRobert De Niro, Ray Liotta, Joe PesciChłopcy z Ferajny
38%
Frank DarabontTim Robbins, Morgan Freeman, Bob GuntonSkazani na Shawshank
37%
Milos FormanJack Nicholson, Danny DeVito, Christopher LloydLot nad Kukułczym Gniazdem
35%
Brian De PalmaAl Pacino, Michelle Pfeiffer, Robert LoggiaCzłowiek z Blizną
29%
Clint EastwoodClint Eastwood, Bee Vang, Ahney HerGran Torino
26%
Peter WeirJim Carrey, Laura Linney, Ed HarrisTruman Show
24%
Martin CampbellPierce Brosnan, Izabella Scorupco, Sean BeanGoldenEye
21%
Ron HowardRussell Crowe, Jennifer Connelly, Ed HarrisPiękny Umysł
20%
Darren AronofskyJared Leto, Jennifer Connelly, Marlon WayansRequiem dla Snu
19%
Francis Ford CoppolaMarlon Brando, Robert Duvall, Martin SheenCzas Apokalipsy
17%
Steven SpielbergRoy Scheider, Richard Dreyfuss, Robert ShawSzczęki
16%
Joel & Ethan CoenJeff Bridges, John Goodman, Steve BuscemiBig Lebowski
15%
Wes CravenNeve Campbell, David Arquette, Courtney CoxKrzyk
15%
Guy RitchieJason Statham, Brad Pitt, Benicio Del ToroPrzekręt
14%
Tim BurtonJahnny Deep, Helena Bonham Carter, Freddie HighmoreCharlie i Fabryka Czekolady
12%
Roland EmmerlichWill Smith, Jeff Goldblum, Bill PullmanDzień Niepodległości
10%

Rozkład punktacji

Percentyl według liczby udzielonych odpowiedzi

Procent ludzi z każdym wynikiem

Twoja historia wyników

Nie rozwiązałeś tego quizu